<?xml version="1.0" encoding="UTF-8"?>
<collection xmlns="http://www.loc.gov/MARC21/slim">
 <record>
  <leader>00413pamaa2200133   4500</leader>
  <controlfield tag="001">0000021206</controlfield>
  <controlfield tag="005">20061010090000.0</controlfield>
  <datafield tag="020" ind1="0" ind2="0">
   <subfield code="a">0140142215 (hard) </subfield>
  </datafield>
  <datafield tag="090" ind1="0" ind2="0">
   <subfield code="a">PQ4876.R387 </subfield>
   <subfield code="b">PRE 1992</subfield>
  </datafield>
  <datafield tag="100" ind1="1" ind2="0">
   <subfield code="a">PRESSBURGER </subfield>
  </datafield>
  <datafield tag="245" ind1="1" ind2="4">
   <subfield code="a">The law of white spaces  </subfield>
   <subfield code="c">Giorgio Pressburger ; translated from the Italian by Piers Spence.</subfield>
  </datafield>
  <datafield tag="260" ind1="0" ind2="0">
   <subfield code="a">London: </subfield>
   <subfield code="b">Granta Books, </subfield>
   <subfield code="c">1992.</subfield>
  </datafield>
  <datafield tag="300" ind1=" " ind2=" ">
   <subfield code="a">172p.; </subfield>
   <subfield code="c">21cm.</subfield>
  </datafield>
  <datafield tag="650" ind1="0" ind2="0">
   <subfield code="a">Mentally ill -- </subfield>
   <subfield code="x">Fiction </subfield>
  </datafield>
 </record>
</collection>
